European directives and the construction market (Record no. 23032)
[ view plain ]
| 000 -LEADER | |
|---|---|
| fixed length control field | 01049cab a2200205 4500 |
| 001 - CONTROL NUMBER | |
| control field | ABS42166 |
| 008 - FIXED-LENGTH DATA ELEMENTS--GENERAL INFORMATION | |
| fixed length control field | 090401t1990 xxu||||| |||| 00| 0 eng d |
| 035 ## - SYSTEM CONTROL NUMBER | |
| System control number | (Sirsi) u35065 |
| 041 ## - LANGUAGE CODE | |
| Language code of text/sound track or separate title | eng |
| 100 ## - MAIN ENTRY--PERSONAL NAME | |
| Personal name | Webster, P. |
| 245 ## - TITLE STATEMENT | |
| Title | European directives and the construction market |
| 260 ## - PUBLICATION, DISTRIBUTION, ETC. | |
| Date of publication, distribution, etc. | 1990 |
| 350 ## - PRICE (NR) (BK AM CF MU VM SE) [OBSOLETE] | |
| Price | 0 |
| 490 ## - SERIES STATEMENT | |
| Series statement | Law Society`s Gazette |
| Volume/sequential designation | (7) 21 February 1990, 18-24(4) |
| 520 ## - SUMMARY, ETC. | |
| Summary, etc. | Looks at the EC Directives of importance to the Europe an construction industry . Detail is provided on harmonisation of legislation for public supply contracts , ( Directive 88/295/EEC ), the public works directive ( Directive 89/440/EEC ) and their implications for the UK industry. The exclusions from these two directives are noted. Another recently adopted directive providing for effective compliance and enforcement ( Directive 89/665/EEC ) and developments in harmonisation of technical specifications and qualifications are also considered. |
| 650 ## - SUBJECT ADDED ENTRY--TOPICAL TERM | |
| Topical term or geographic name entry element | EEC |
| 690 ## - LOCAL SUBJECT ADDED ENTRY--TOPICAL TERM (OCLC, RLIN) | |
| Topical term or geographic name as entry element | EUROPE-SINGLE MARKET |
| 942 ## - ADDED ENTRY ELEMENTS (KOHA) | |
| Suppress in OPAC | 0 |
| 948 ## - LOCAL PROCESSING INFORMATION (OCLC); SERIES PART DESIGNATOR (RLIN) | |
| c (OCLC) | 04/03/1997 |
| Withdrawn status | Lost status | Source of classification or shelving scheme | Damaged status | Not for loan | Home library | Current library | Shelving location | Date acquired | Total Checkouts | Full call number | Barcode | Date last seen | Copy number | Price effective from | Koha item type |
|---|---|---|---|---|---|---|---|---|---|---|---|---|---|---|---|
| Dewey Decimal Classification | London | London | Journal article | 14/09/1999 | ABS42166 | 35065-1001 | 06/08/2019 | 1 | 06/08/2019 | Journal article |